000 00613nam a2200169Ia 4500
008 151213s9999 xx 000 0 und d
020 _a984300322-2
100 _aপমো : আব্দুল হালিম
245 _aহসংবিধান সাংবিধানিক আইন, ও রাজনীতি : বাংলাদেশ
_cপমো : আব্দুল হালিম
250 _a৫ম সং
260 _aঢাকা
_bC C B Book Center
_c2008
300 _a7755 p.
650 _aLaw
650 _aLaw
700 _aপমো : আব্দুল হালিম
999 _c4034
_d4034